000 00357nam a2200133Ia 4500
008 191206s9999 xx 000 0 und d
020 _a517385708
090 _aQC173.55.C34
245 0 _aEinstein's universe
260 _aGreenwich House
260 _cc"1982, c1979"
300 _a"vii, 154 p., [12] p. of plates : ill. ; 24 cm."
999 _c15871
_d15871